Clases en escuelas secundarias (Registro nro. 2391)

Detalles MARC
000 -LEADER
fixed length control field 01409 a2200229 4500
001 - CONTROL NUMBER
control field 33765
005 - DATE AND TIME OF LATEST TRANSACTION
control field 20260407155628.0
008 - FIXED-LENGTH DATA ELEMENTS--GENERAL INFORMATION
fixed length control field 260407a2012 arg spa d
003 - CONTROL NUMBER IDENTIFIER
control field AR-UNSa-BCEJYS
040 ## - CATALOGING SOURCE
Original cataloging agency AR-UNSa-BCEJYS
Language of cataloging spa
Transcribing agency AR-UNSa-BCEJYS
080 ## - UNIVERSAL DECIMAL CLASSIFICATION NUMBER
Universal Decimal Classification number 373.5
Common auxiliary subdivision Enseñanza Secundaria
020 ## - INTERNATIONAL STANDARD BOOK NUMBER
International Standard Book Number 978-987-538-348-7
041 ## - LANGUAGE CODE
Language code of text/sound track or separate title spa
100 1# - MAIN ENTRY--PERSONAL NAME
Personal name Mastache, Anahí Viviana
245 10 - TITLE STATEMENT
Title Clases en escuelas secundarias
Name of part/section of a work saberes y procesos de aprendizaje, subjetivación y formación
264 #1 - PRODUCTION, PUBLICATION, DISTRIBUTION, MANUFACTURE, AND COPYRIGHT NOTICE
Place of production, publication, distribution, manufacture Buenos Aires :
Name of producer, publisher, distributor, manufacturer Noveduc
Date of production, publication, distribution, manufacture, or copyright notice 2012
300 ## - PHYSICAL DESCRIPTION
Extent 407 p.
Dimensions 22 cm.
505 ## - FORMATTED CONTENTS NOTE
Formatted contents note 1. Formación, saberes y subjetivación. Conceptualizaciones teórico-epistemológicas de base - 2. Las clases escolares. De cómo se favorecen procesos de aprendizaje y subjetivación múltiples y diversos - 3. Los juegos del saber como escenario interferido. Saberes en movimiento, saberes inmovilizados (Caso 1) - 4. El encuentro en el saber de la profesora. El saber como medio y objeto de control (Caso 2) - 5. El reemplazo del saber escolar por charlas y juegos. El predominio de "El saber ausente" (Caso 3) - 6. Saberes en conflicto, sujetos enfrentados. Cuando la realidad de la clase no se corresponde con la realidad representada (Caso 4) -
590 ## - LOCAL NOTE (RLIN)
Local note niveau_biblio:m niveau_hierar:0
856 41 - ELECTRONIC LOCATION AND ACCESS
Uniform Resource Identifier <a href="https://biblioeco.unsa.edu.ar/pmb/images/libros/clases_esc_sec.jpg">https://biblioeco.unsa.edu.ar/pmb/images/libros/clases_esc_sec.jpg</a>
Link text Imagen de portada
Electronic format type image/jpeg
942 ## - ADDED ENTRY ELEMENTS (KOHA)
Koha item type
Existencias
Withdrawn status Lost status Damaged status Not for loan Home library Current library Shelving location Date acquired Total checkouts Full call number Barcode Date last seen Price effective from Koha item type
        Biblioteca Prof. Eusebio Cleto del Rey Biblioteca Prof. Eusebio Cleto del Rey   07/04/2026   P373.5 M423 L125366 07/04/2026 07/04/2026 Libro
        Biblioteca Prof. Eusebio Cleto del Rey Biblioteca Prof. Eusebio Cleto del Rey   07/04/2026   P373.5 M423 L125367 07/04/2026 07/04/2026 Libro